000 00524nam a2200217Ia 4500
003 OSt
005 20220923230826.0
006 a|||||r|||| 00| 0
007 ta
008 Pun
024 _a305,903
037 _cTextual
040 _aARTS
_cARTS
_bPun
041 _2Pun
_aPun
082 _aQxM88, 153K5
100 _aਕ੍ਰਿFਣਨ, ਰਾਧਾ
_9169187
245 0 _aਧਰਮ
260 _c1965
942 _hQxM88, 153K5
_cTEXL
_2CC
999 _c387690
_d387690